| 000 | 00654nam a22002297a 4500 | ||
|---|---|---|---|
| 005 | 20170124110038.0 | ||
| 010 | _a049884 | ||
| 020 | _c00.00 | ||
| 035 | _a049884 | ||
| 037 | _bCen Lib/Ret | ||
| 040 |
_aDPL _bEN |
||
| 082 |
_a808 _bYOU |
||
| 100 |
_aYoung, George _923151 |
||
| 245 |
_aAn english prosody on inductive lines / _bby George Young |
||
| 260 |
_aLondon _bCambridge University Press _c1928 |
||
| 270 |
_aFetter Lane _bLondon |
||
| 300 |
_axiv,296p. _c20cm(Hb) |
||
| 500 | _aIncludes index | ||
| 650 |
_aEnglish language _91922 |
||
| 650 |
_aEnglish language--Versification _923152 |
||
| 942 |
_2ddc _cEN _h808 _mYOU |
||
| 999 |
_c128357 _d128357 |
||